000 00680nam a22002177a 4500
003 IT-MiCISF
005 20241014151840.0
008 241014b |||||||| |||| 00| 0 eng d
040 _cIT-MiCISF
041 _ait
100 _aBelletti Francesco (et al.)
_956630
245 _aIl matrimonio, un'istituzione in crisi per i millennials
250 _a"Testimoni nel mondo", n. 1
260 _c2024
300 _app. 21-47
500 _amatrimonio, giovani, società, vocazione, pastorale-prematrimoniale, fede
650 _aMatrimonio
654 _adossier
700 _aRosito V., Guarinelli S., Lischetti A., Pesce F., Dossi F., Colzani A.
_961006
942 _2ddc
_cCR
999 _c360229
_d360229